Structural analysis/ (Record no. 102101)

MARC details
000 -LEADER
fixed length control field 01014nam a22002657a 4500
005 - DATE AND TIME OF LATEST TRANSACTION
control field 20230622155042.0
010 ## - LCCN (DPL NO)
LC control number 1617EN ENG-116832
020 ## - INTERNATIONAL STANDARD BOOK NUMBER
International Standard Book Number 9788131520444
Terms of availability 925.00
035 ## - SYSTEM CONTROL NUMBER
System control number B-650692-700
035 ## - SYSTEM CONTROL NUMBER
System control number EN-100364
035 ## - SYSTEM CONTROL NUMBER
System control number B-667479
037 ## - SOURCE OF ACQUISITION
Stock number dpl
Source of stock number/acquisition BSB
037 ## - SOURCE OF ACQUISITION
Source of stock number/acquisition DBAD/PUB
082 ## - DEWEY DECIMAL CLASSIFICATION NUMBER
Classification number 624.17
100 ## - MAIN ENTRY--PERSONAL NAME
Personal name Kassimali, Aslam
245 ## - TITLE STATEMENT
Title Structural analysis/
Statement of responsibility, etc by Aslam Kassimali
250 ## - EDITION STATEMENT
Edition statement 5th ed
260 ## - PUBLICATION, DISTRIBUTION, ETC. (IMPRINT)
Place of publication, distribution, etc Delhi
Name of publisher, distributor, etc Cengage Learning
Date of publication, distribution, etc 2016 (repr.)
270 ## - ADDRESS
Address 418,F.I.E.Patparganj
City Delhi
Postal code 110092
Fax number -
Electronic mail address -
300 ## - PHYSICAL DESCRIPTION
Extent xvii,813p. :
Dimensions 27cm(pbk)
Other physical details ill
500 ## - GENERAL NOTE
General note Includes index
942 ## - ADDED ENTRY ELEMENTS (KOHA)
Source of classification or shelving scheme Dewey Decimal Classification
Item type English Books
Call number suffix KAS
Classification part 624.17
Holdings
Withdrawn status Lost status Not for loan Collection code Home library Current library Date acquired Source of acquisition Cost, normal purchase price Full call number Barcode Copy number Cost, replacement price Koha item type
      Non-fiction Ashok Vihar Ashok Vihar 30/05/2017 BPPD/EN/2016-17/AV/455/15.2.2017/559/3.3.2017/17.3.2017 925.00 624.17 KAS B-667479 1 925.00 English Books
      Non-fiction Bawana Bawana 15/12/2016 DBAD/PUB 899.00 624.17 KAS EN-100364 1 899.00 English Books
      Non-fiction Bawana Bawana 06/02/2017 BPPD/EN/2016-17/289/24.11.2016/337/2.12.2016/4.1.2017 925.00 624.17 KAS B-650698 1 925.00 English Books
      Non-fiction Central Library Central Library 22/02/2017 BPPD/EN/2016-17/289/24.11.2016/337/2.12.2016/4.1.2017 925.00 624.17 KAS B-650692 1 925.00 English Books
      Non-fiction Janak Puri Janak Puri 06/02/2017 BPPD/EN/2016-17/289/24.11.2016/337/2.12.2016/4.1.2017 925.00 624.17 KAS B-650695 1 925.00 English Books
      Non-fiction Kasturba Gandhi Marg Kasturba Gandhi Marg 06/02/2017 BPPD/EN/2016-17/289/24.11.2016/337/2.12.2016/4.1.2017 925.00 624.17 KAS B-650694 1 925.00 English Books
      Non-fiction Narela Narela 06/02/2017 BPPD/EN/2016-17/289/24.11.2016/337/2.12.2016/4.1.2017 925.00 624.17 KAS B-650697 1 925.00 English Books
      Non-fiction Patel Nagar Patel Nagar 06/02/2017 BPPD/EN/2016-17/289/24.11.2016/337/2.12.2016/4.1.2017 925.00 624.17 KAS B-650693 1 925.00 English Books
      Non-fiction Sarojini Nagar Sarojini Nagar 06/02/2017 BPPD/EN/2016-17/289/24.11.2016/337/2.12.2016/4.1.2017 925.00 624.17 KAS B-650696 1 925.00 English Books
      Non-fiction Shahdara Branch Shahdara Branch 06/02/2017 BPPD/EN/2016-17/289/24.11.2016/337/2.12.2016/4.1.2017 925.00 624.17 KAS B-650699 1 925.00 English Books
      Non-fiction Yojana Vihar Yojana Vihar 06/02/2017 BPPD/EN/2016-17/289/24.11.2016/337/2.12.2016/4.1.2017 925.00 624.17 KAS B-650700 1 925.00 English Books

© Delhi Public Library
Hit Counter
free hit counter